000 00436nam a2200169 a 4500
001 0000-9370
003 ELIB.Books
008 110520 1990
035 _a(ELIB.Books)0000-9522
082 _a270.09
_bBow
100 _aBowden, John
245 _aWho's who in Theology
260 _bLondon: Student Christian Movement Press
_c1990
650 _aChurch History
942 _2ddc
_cBK
998 _cbat
_e2011-05-20
999 _c9370
_d9370